00713cas a22002417a 450000500170000000800410001701000100005801100100006802200140007803500100009224500530010226000570015530000070021231000150021936200200023450000540025465000400030886600220034886600240037086600340039486600220042886600210045020220329142104.0990611d mx qr pernn 0 uub0spa d a78227 a791990 a0186-2561 a8936700aBibliocaféc/por Instituto Mexicano del Café0 aXalapa, Ver. :bInstituto Mexicano del Café,c1978 av. aTrimestral0 av.15 n.2, 1992. aSe dejó de recibir a partir del v.15 n.2, 1992.14aCaféxPublicaciones periódicas. av.11 n.1-6 (1988) av.12 n.1,3-4 (1989) av.13 n.1-v.14 n.2 (1990-1991) av.15 n.1-2 (1992) av.8 n.5-6 (1985)